LEADER 01660nam--2200409---450- 001 990000310520203316 035 $a0031052 035 $aUSA010031052 035 $a(ALEPH)000031052USA01 035 $a0031052 100 $a20001206d1999----km-y0itay0103----ba 101 $ait 102 $aITA 105 $a||||||||001yy 200 1 $a<> Facoltà di scienze matematiche fisiche naturali di Torino. Ricerca insegnamento collezioni scientifiche$fa cura di Clara Silvia Roero 210 $aTorino$cDeputazione Subalpina di Storia Patria$dc1999 215 $aVII, 611 p.$cill.$d20 cm 225 $aStudi e fonti per la storia dell'Università di Torino$v9 300 $aIn testa al front.: Deputazione subalpina di storia patria Università degli studi di Torino 410 $12001$aStudi e fonti per la storia dell'Università di Torino$v9 461 1$10010031050$12001$a<> Facoltà di scienze matematiche fisiche naturali di Torino 1848-1998 610 0 $aTorino$xUniversità$xStoria$zSec.19.-20. 676 $a378 702 1$aROERO,$bClara Silvia 712 02$aDeputazione subalpina di storia patria 712 02$aUniversità degli studi 801 0$aIT$bsalbc$gISBD 912 $a990000310520203316 951 $a378 FAC(1)$bCBS 0025892$c378$d00103544 959 $aBK 969 $aSCI 979 $aPATTY$b90$c20001206$lUSA01$h1321 979 $aPATTY$b90$c20001206$lUSA01$h1325 979 $c20020403$lUSA01$h1639 979 $aPATRY$b90$c20040406$lUSA01$h1622 996 $aFacoltà di scienze matematiche fisiche naturali di Torino. Ricerca insegnamento collezioni scientifiche$9879401 997 $aUNISA LEADER 01287nam a2200313 i 4500 001 991001792759707536 005 20020507151804.0 008 000614s1968 it ||| | ita 035 $ab11564817-39ule_inst 035 $aLE02725288$9ExL 040 $aDip.to Studi Giuridici$bita 082 0 $a937 084 $aR-III/C 100 1 $aDe Ruggiero, Ettore$072009 245 13$aIl consolato e i poteri pubblici in Roma /$cEttore De Ruggiero 250 $aEd. anastatica 260 $aRoma :$bL'Erma di Bretschneider,$c1968 300 $aP. 679-862 ;$c24 cm 500 $aEstr. dal Dizionario epigrafico di antichita romane, dello stesso Autore 650 4$aMagistrature romane 650 4$aRoma$xStoria - 1. sec. a.C. 907 $a.b11564817$b07-10-13$c02-07-02 912 $a991001792759707536 945 $aLE007 937 DER 03.01$g1$i2015000089922$lle007$o-$pE0.00$q-$rl$s- $t0$u0$v0$w0$x0$y.i11118866$z28-06-02 945 $aLE015 937 DER21 C.2$g2$lle007$o-$pE0.00$q-$rl$s- $t0$u0$v0$w0$x0$y.i11118878$z28-06-02 945 $aLE027 R-III/C 91$g1$iLE027CL-1628$lle027$o-$pE0.00$q-$rl$s- $t0$u0$v0$w0$x0$y.i11767996$z02-07-02 996 $aConsolato e i poteri pubblici in Roma$9305418 997 $aUNISALENTO 998 $a(2)le007$ale027$b01-01-00$cm$da $e-$fita$git $h3$i1 LEADER 01466nam0 2200373 i 450 001 RMG0035559 005 20251003044338.0 010 $a8814091188 020 $aIT$b2002-1518 100 $a20100426d2001 ||||0itac50 ba 101 | $aita$cita 102 $ait 181 1$6z01$ai $bxxxe 182 1$6z01$an 183 1$6z01$anc$2RDAcarrier 200 1 $aManuale di diritto amministrativo$fElio Casetta 205 $a3. ed. riv. ed aggiornata 210 $aMilano$cGiuffrè$d\2001! 215 $aXXII, 924 p.$d25 cm. 500 10$aManuale di diritto amministrativo$3MSE0066855$9LO1V033063$937284 606 $aDiritto amministrativo$xManuali$2FIR$3SBLC136363$9E 676 $a342$9DIRITTO COSTITUZIONALE E AMMINISTRATIVO$v12 676 $a342.45$9DIRITTO COSTITUZIONALE E AMMINISTRATIVO. ITALIA$v19 676 $a342.4506$9POTERE ESECUTIVO. ITALIA$v21 700 1$aCasetta$b, Elio$3LO1V033063$4070$0150949 801 3$aIT$bIT-000000$c20100426 850 $aIT-BN0095 $aIT-AV0007 901 $bNAP AV$cSEZ. M $nSezione Moderna 901 $bNAP 01$cARECHI $n$ 912 $aRMG0035559 950 0$aBiblioteca Centralizzata di Ateneo$b1 v.$c1 v.$d 01ARECHI DEMM 28$e 01C 0008003395 VMA (3.ed 1 v. (Precedente collocazione: D (C) 000 339)$fB $h20121008$i20121008 977 $a 01$a AV 996 $aManuale di diritto amministrativo$937284 997 $aUNISANNIO